Normal view
MARC view
Entry Personal Name
001 - CONTROL NUMBER
- control field: 1151
003 - CONTROL NUMBER IDENTIFIER
- control field: EG-GiCUC
005 - DATE AND TIME OF LATEST TRANSACTION
- control field: 20240219142514.0
008 - FIXED-LENGTH DATA ELEMENTS
- fixed length control field: 110115n| acannaabn |b aaa d
040 ## - CATALOGING SOURCE
- Original cataloging agency: EG-GiCUC
- Language of cataloging: ara
- Transcribing agency: EG-GiCUC
100 1# - HEADING--PERSONAL NAME
- Personal name: مؤنس، حسين،
- Dates associated with a name: 1911-
400 1# - SEE FROM TRACING--PERSONAL NAME
- Personal name: مؤنس، حسين
400 1# - SEE FROM TRACING--PERSONAL NAME
- Personal name: موءنس، حسين
400 0# - SEE FROM TRACING--PERSONAL NAME
- Personal name: حسين مؤنس
400 0# - SEE FROM TRACING--PERSONAL NAME
- Personal name: حسين موءنس
670 ## - SOURCE DATA FOUND
- Source citation: تقاسيم على انغام من بلدنا، صور صادقة عن مصر و اهلها فى مقالات، 1991،
- Information found: ص.ع. )حسين مؤنس(
700 10 - ESTABLISHED HEADING LINKING ENTRY--PERSONAL NAME
- Personal name: Muʼnis, Ḥusayn,
- Dates associated with a name: 1911-
907 ## -
- : .a1000788x
- : 24-09-22
- : 15-01-11
- : -
- : -
955 ## -
- : اميرة
- : مدخل